Statistics for Flags With Red And Green

Click here to take the quiz!

General Stats

  • This quiz has been taken 12 times
  • The average score is 13 of 15

Answer Stats

Answer% Correct
Italy
100%
Bulgaria
100%
Lebanon
100%
Iran
100%
Hungary
91%
Algeria
91%
Belarus
91%
Bangladesh
91%
Libya
91%
Azerbaijan
91%
Oman
82%
Cameroon
82%
Maldives
73%
Burundi
73%
Madagascar
64%

Score Distribution

Percentile by Number Answered

Percent of People with Each Score

Your Score History

You have not taken this quiz